Introductory set topology / (Record no. 181835)

000 -LEADER
fixed length control field 00693 a2200169 4500
003 - CONTROL NUMBER IDENTIFIER
control field Nust
005 - DATE AND TIME OF LATEST TRANSACTION
control field 20221108095026.0
040 ## - CATALOGING SOURCE
Transcribing agency Nust
082 ## - DEWEY DECIMAL CLASSIFICATION NUMBER
Classification number 511.322,YAH
100 ## - MAIN ENTRY--PERSONAL NAME
Personal name Yahya S.M
245 ## - TITLE STATEMENT
Title Introductory set topology /
Statement of responsibility, etc. S.M. Yahya
260 ## - PUBLICATION, DISTRIBUTION, ETC.
Place of publication, distribution, etc. Karachi
Name of publisher, distributor, etc. The Times press
Date of publication, distribution, etc. 1969.
300 ## - PHYSICAL DESCRIPTION
Extent 216:p
505 ## - FORMATTED CONTENTS NOTE
Formatted contents note Introduction (Page-1), Theory of Sets (Page-6), Topological Space (Page-38), Metric Space (Page-54), Interior, Exterior and Boundary (page-80),Bases and Sub base (page-100),Continuity and Homeomorphism (Page-113), Sub Space and Relative Topologies (Page-132), Some Special (Page-145).
650 ## - SUBJECT ADDED ENTRY--TOPICAL TERM
Topical term or geographic name entry element Introductory Set Topology
9 (RLIN) 102455
942 ## - ADDED ENTRY ELEMENTS (KOHA)
Source of classification or shelving scheme
Koha item type Book
Call number prefix 511.322,YAH
Holdings
Withdrawn status Lost status Source of classification or shelving scheme Damaged status Not for loan Permanent Location Current Location Shelving location Date acquired Full call number Barcode Date last seen Price effective from Koha item type Public note
          Military College of Signals (MCS) Military College of Signals (MCS) General Stacks 12/12/2016 511.322,YAH MCS22002 12/08/2016 12/12/2016 Book Almirah No.82, Shelf No.2
          Military College of Signals (MCS) Military College of Signals (MCS) General Stacks 12/12/2016 511.322,YAH MCS7627 12/08/2016 12/12/2016 Book Almirah No.82, Shelf No.2
          Military College of Signals (MCS) Military College of Signals (MCS) General Stacks 12/12/2016 511.322,YAH MCS7628 12/08/2016 12/12/2016 Book Almirah No.10, Shelf No.5
          Military College of Signals (MCS) Military College of Signals (MCS) General Stacks 12/12/2016 511.322,YAH MCS7629 12/08/2016 12/12/2016 Book Almirah No.10, Shelf No.5
          Military College of Signals (MCS) Military College of Signals (MCS) General Stacks 12/12/2016 511.322,YAH MCS7630 12/08/2016 12/12/2016 Book Almirah No.10, Shelf No.5
          Military College of Signals (MCS) Military College of Signals (MCS) General Stacks 12/12/2016 511.322,YAH MCS7648 12/08/2016 12/12/2016 Book Almirah No.82, Shelf No.2
© 2023 Central Library, National University of Sciences and Technology. All Rights Reserved.